|
|
|
|
| LEADER |
01086nam a22003131a 4500 |
| 001 |
000041072 |
| 003 |
17368 |
| 005 |
20160418000000.0 |
| 008 |
160418s2009 000 vie |
| 041 |
|
|
|a vie
|
| 082 |
|
|
|a 306
|b SƯ-T
|
| 245 |
|
|
|a SỰ THẬT VỀ QUAN HỆ VIỆT NAM VÀ TRUNG QUỐC TRONG 30 NĂM QUA
|
| 260 |
|
|
|a SỰ THẬT
|c 2009
|
| 300 |
|
|
|a 45tr. ; 30cm
|
| 650 |
|
|
|a SỰ THẬT VỀ QUAN HỆ VIỆT NAM VÀ TRUNG QUỐC TRONG 30 NĂM QUA, QUAN HỆ VIỆT NAM VÀ TRUNG QUỐC.
|
| 852 |
|
|
|b Chuyên đề
|c Giáo trình
|
| OWN |
|
|
|a LNN
|
| AVA |
|
|
|a UDN50
|b LNN
|d 306 SƯ-T
|e available
|t Error 5001 Not defined in file expand_doc_bib_avail.
|f 1
|g 0
|h N
|i 0
|k 1
|
| 999 |
|
|
|a From the UDN01
|
| AVA |
|
|
|a UDN50
|b LNN
|d 306 SƯ-T
|e available
|t Error 5001 Not defined in file expand_doc_bib_avail.
|f 1
|g 0
|h N
|i 0
|k 1
|
| TYP |
|
|
|a Monograph
|
| TYP |
|
|
|a Printed language
|
| 980 |
|
|
|a Mạng thư viện Đại học Đà Nẵng
|